| 000 | 00467nam a22001697a 4500 | ||
|---|---|---|---|
| 999 |
_c526546 _d526546 |
||
| 003 | NUST | ||
| 020 | _qH/B | ||
| 038 | _awaseem | ||
| 082 |
_a891.421 _bMIR |
||
| 100 |
_aMirza, Muhammad Salim _917564 |
||
| 245 |
_aGooray Saak / _cMuhammad Salim Mirza |
||
| 260 |
_aUnited Kingdom : _bChanan International Publishers, _c2003. |
||
| 300 | _a225 p. ; | ||
| 880 |
_6100-01\r _aمحمد سلیم مرزا |
||
| 880 |
_6245-02\r _aگُوہڑے ساک / |
||
| 942 |
_2ddc _cBK |
||